[Event "Foment Martinenc op-C 23rd"]
[Site "Barcelona"]
[Date "2023.06.10"]
[Round "8"]
[White "Escobar Figueroa, Maricela"]
[Black "Caballero Cruz, Ainhoa"]
[Result "0-1"]
[WhiteElo "1049"]
[BlackElo "1327"]
[PlyCount "56"]
[EventDate "2023.04.22"]
[EventType "swiss"]
[EventRounds "9"]
[EventCountry "ESP"]
[SourceTitle "EXT 2024"]
[Source "ChessBase"]
[SourceDate "2023.10.10"]
[SourceVersion "1"]
[SourceVersionDate "2023.10.10"]
[SourceQuality "1"]

1. d4 d5 2. e3 Nf6 3. Nf3 Nc6 4. b3 Bf5 5. Bb2 e6 6. Ne5 Bb4+ 7. Nd2 Qe7 8. a3 Bxd2+ 9. Qxd2 Ne4 10. Qe2 f6 11. f4 fxe5 12. fxe5 Qh4+ 13. g3 Nxg3 14. Qf2 Be4 15. Rg1 Rf8 16. hxg3 Qg4 17. Be2 Qh3 18. Bf1 Qh6 19. Qe2 Bf3 20. Qd2 0-0-0 21. b4 Bg4 22. Bg2 Rf7 23. c3 Rdf8 24. Qd3 Bf5 25. Qe2 Qg6 26. Kd2 Bg4 27. Qe1 Rf2+ 28. Kc1 Qc2# 0-1

[Event "Foment Martinenc op-C 23rd"]
[Site "Barcelona"]
[Date "2023.05.20"]
[Round "5"]
[White "Pinyol Llora, Miquel"]
[Black "Caballero Cruz, Ainhoa"]
[Result "1-0"]
[WhiteElo "1124"]
[BlackElo "1327"]
[PlyCount "85"]
[EventDate "2023.04.22"]
[EventType "swiss"]
[EventRounds "9"]
[EventCountry "ESP"]
[SourceTitle "EXT 2024"]
[Source "ChessBase"]
[SourceDate "2023.10.10"]
[SourceVersion "1"]
[SourceVersionDate "2023.10.10"]
[SourceQuality "1"]

1. d4 d5 2. Nc3 Nf6 3. Bf4 Bf5 4. Nb5 Nc6 5. Nxc7+ Kd7 6. Nxa8 Qxa8 7. Nf3 e6 8. e3 Nb4 9. Bd3 Bd6 10. Bxf5 exf5 11. Bxd6 Kxd6 12. Ne5 Ke7 13. c3 Na6 14. Qd3 Re8 15. Qxf5 g6 16. Qd3 Nc7 17. c4 Qd8 18. Qa3+ Ke6 19. c5 Nb5 20. Qd3 Qa5+ 21. Qd2 Qa6 22. 0-0 Ne4 23. Qe2 Qa4 24. b3 Qb4 25. Nd3 Qc3 26. Nf4+ Ke7 27. Nxd5+ Ke6 28. Nxc3 Nbxc3 29. Qc4+ Nd5 30. Rad1 Nec3 31. e4 Nxd1 32. Qxd5+ Kf6 33. Rxd1 Kg7 34. Qe5+ Kf8 35. Qxe8+ Kxe8 36. d5 f6 37. d6 Kd8 38. f4 Kd7 39. g4 h6 40. e5 fxe5 41. fxe5 a6 42. e6+ Kxe6 43. d7 1-0